000 00871nam a2200229Ii 4500
003 JO-AjNU
008 230605s9999||||xx |||||||||||||| ||und||
017 _a2002/8/1993
020 _a9957-03-019-1
040 _aJO-AjNU
_bara
_erda
_cJO-AjNU
041 _aara
050 1 4 _aBP173.6.M33 2003
100 3 _aمجدلاوي، فاروق ؛ تقديم أحمد شلبي,
_eauthor
_951528
245 0 0 _aالإدارة الإسلامية في عهد عمر بن الخطاب 12هـ - 22هـ - 634م- 644م
250 _aط3
264 3 1 _aعمان: روائع مجدلاوي، 2003
300 _a479ص
_bالملاحق(ص405-469)
336 _atext
_btxt
_2rdacontent
337 _aunmediated
_bn
_2rdamedia
338 _avolume
_bnc
_2rdacarrier
650 4 _aالنظام الاداري في الاسلام-عصر صدر الاسلام- عمر بن الخطاب
_951529
999 _aA22770
_c26338
_d26338